000 00824nam a2200253 a 4500
001 67838
003 BD-RjUL
005 20211209081711.0
008 170329s1980 enka b 001 0 eng d
020 _a0125144504
035 _a(BD-RjUL)68047
040 _aDLC
_cDLC
_dDLC
_dBD-RjUL
_beng
041 _aeng
082 0 0 _a302.35
_223
_bNAT 1980
100 1 _aNaylor, James C.
_9201112
245 1 2 _aA theory of behavior in organizations /
_cJames C. Naylor, Robert D and Pritchard, Daniel Ilgen.
260 _aNew York :
_bAcademic Press,
_c1980.
300 _axii, 299 p. :
_bill. ;
_c24 cm.
504 _aIncludes Bibliography and index.
650 0 _aOrganizational behavior.
_9159655
700 1 _aPritchard, Robert D.,
_ejoint author.
_9201113
700 1 _aIlgen, Daniel R.,
_ejoint author.
_9201114
942 _2ddc
_cBK
999 _c67838
_d67838